000 00241nam a2200109Ia 4500
008 190216s9999||||xx |||||||||||||| ||und||
100 _aDr.Mukundan N
245 0 _aKilippat
260 _bVidyarthimithram
650 _aKavithkal
942 _cBK
999 _c26271
_d26271